90 Años de educación en México / (Record no. 165897)

MARC details
000 -CABECERA
campo de control de longitud fija 00703nam a2200229 u 4500
005 - FECHA Y HORA DE LA ÚLTIMA TRANSACCIÓN
campo de control 20230218063611.0
008 - ELEMENTOS DE LONGITUD FIJA--INFORMACIÓN GENERAL
campo de control de longitud fija 131031s2012 mx r 000 0 spa d
020 ## - NÚMERO INTERNACIONAL NORMALIZADO PARA LIBROS
Número Internacional Estándar del Libro 9786071611109
035 ## - NÚMERO DE CONTROL DEL SISTEMA
Número de control de sistema UPN01000193796
049 ## - COLECCIÓN
Colección CG
050 #4 - SIGNATURA TOPOGRÁFICA DE LA BIBLIOTECA DEL CONGRESO
Número de clasificación LA421.8
Número de documento/Ítem T8.6
100 1# - ASIENTO PRINCIPAL--NOMBRE PERSONAL
Nombre de persona Tuirán, Rodolfo
9 (RLIN) 34101
245 10 - MENCIÓN DE TÍTULO
Título 90 Años de educación en México /
Mención de responsabilidad, etc. Rodolfo Tuirán, Susana Quintanilla.
260 ## - PUBLICACIÓN, DISTRIBUCIÓN, ETC.
Lugar de publicación, distribución, etc. México :
Nombre del editor, distribuidor, etc. FCE,
Fecha de publicación, distribución, etc. 2012.
300 ## - DESCRIPCIÓN FÍSICA
Extensión 146 p.
440 #0 - MENCIÓN DE SERIE/ASIENTO SECUNDARIO--TÍTULO
Título Centzontle
650 #4 - ASIENTO SECUNDARIO DE MATERIA - TERMINO TEMATICO
Término de materia o nombre geográfico como elemento de entrada Educación
Subdivisión geográfica México
Subdivisión general Historia
Subdivisión cronológica Siglo XX
9 (RLIN) 12877
650 #4 - ASIENTO SECUNDARIO DE MATERIA - TERMINO TEMATICO
Término de materia o nombre geográfico como elemento de entrada EDUCACION -
Subdivisión geográfica MEXICO -
Subdivisión general HISTORIA -
Subdivisión cronológica SIGLO XXI
9 (RLIN) 22817
700 1# - ASIENTO SECUNDARIO--NOMBRE DE PERSONAL
Nombre de persona Quintanilla, Susana,
Fechas asociadas al nombre 1956-
Término indicativo de función/relación coaut.
9 (RLIN) 31451
905 ## - TIPO DE MATERIAL
Tipo de material Libro
Holdings
Estado de retiro Estado de pérdida Fuente del sistema de clasificación o colocación Estado dañado No para préstamo Código de colección Localización permanente Ubicación/localización actual Ubicación en estantería Fecha de adquisición Total de préstamos Renovaciones totales Clasificación Código de barras Fecha visto por última vez Fecha del último préstamo Número de copia Tipo de ítem Koha
    Library of Congress Classification     Colección General Bib. Gregorio Torres Quintero Bib. Gregorio Torres Quintero Planta baja 15/08/2022 31 1 LA421.8 T8.6 292490 10/03/2025 17/02/2025 1 Libro
    Library of Congress Classification     Colección General Bib. Gregorio Torres Quintero Bib. Gregorio Torres Quintero Planta baja 03/05/2022 26 3 LA421.8 T8.6 292488 19/11/2024 31/10/2024 1 Libro
    Library of Congress Classification     Colección General Bib. Gregorio Torres Quintero Bib. Gregorio Torres Quintero Planta baja 06/05/2022 26   LA421.8 T8.6 292489 09/06/2025 04/06/2025 1 Libro